<?xml version="1.0" encoding="UTF-8"?>
<record
    xmlns:xsi="http://www.w3.org/2001/XMLSchema-instance"
    xsi:schemaLocation="http://www.loc.gov/MARC21/slim http://www.loc.gov/standards/marcxml/schema/MARC21slim.xsd"
    xmlns="http://www.loc.gov/MARC21/slim">

  <leader>02965cam a2200349 a 4500</leader>
  <controlfield tag="001">15979587</controlfield>
  <controlfield tag="005">20170105102842.0</controlfield>
  <controlfield tag="008">091110s2010    nyua     b    001 0 eng  </controlfield>
  <datafield tag="010" ind1=" " ind2=" ">
    <subfield code="a">  2009045293</subfield>
  </datafield>
  <datafield tag="020" ind1=" " ind2=" ">
    <subfield code="a">9780415961103</subfield>
  </datafield>
  <datafield tag="020" ind1=" " ind2=" ">
    <subfield code="a">0415961106</subfield>
  </datafield>
  <datafield tag="035" ind1=" " ind2=" ">
    <subfield code="a">(OCoLC)ocn465330240</subfield>
  </datafield>
  <datafield tag="040" ind1=" " ind2=" ">
    <subfield code="a">DLC</subfield>
    <subfield code="c">DLC</subfield>
    <subfield code="d">YDX</subfield>
    <subfield code="d">YDXCP</subfield>
    <subfield code="d">BWX</subfield>
    <subfield code="d">CDX</subfield>
    <subfield code="d">NLGGC</subfield>
    <subfield code="d">DLC</subfield>
  </datafield>
  <datafield tag="050" ind1="0" ind2="0">
    <subfield code="a">PN4784.C615</subfield>
    <subfield code="b">I36 2010</subfield>
  </datafield>
  <datafield tag="082" ind1="0" ind2="0">
    <subfield code="a">070.4/3</subfield>
    <subfield code="2">22</subfield>
  </datafield>
  <datafield tag="084" ind1=" " ind2=" ">
    <subfield code="a">05.33</subfield>
    <subfield code="2">bcl</subfield>
  </datafield>
  <datafield tag="245" ind1="0" ind2="0">
    <subfield code="a">International journalism and democracy :</subfield>
    <subfield code="b">civic engagement models from around the world /</subfield>
    <subfield code="c">edited by Angela Romano.</subfield>
  </datafield>
  <datafield tag="260" ind1=" " ind2=" ">
    <subfield code="a">New York :</subfield>
    <subfield code="b">Routledge,</subfield>
    <subfield code="c">2010.</subfield>
  </datafield>
  <datafield tag="300" ind1=" " ind2=" ">
    <subfield code="a">ix, 251 p. :</subfield>
    <subfield code="b">ill. ;</subfield>
    <subfield code="c">24 cm.</subfield>
  </datafield>
  <datafield tag="490" ind1="1" ind2=" ">
    <subfield code="a">Routledge research in cultural and media studies ;</subfield>
    <subfield code="v">25</subfield>
  </datafield>
  <datafield tag="504" ind1=" " ind2=" ">
    <subfield code="a">Includes bibliographical references and index.</subfield>
  </datafield>
  <datafield tag="505" ind1="0" ind2=" ">
    <subfield code="a">Deliberative journalism. Deliberation and journalism / Angela Romano -- American public journalism versus other international media models / Angela Romano -- Public and citizen journalism. Public journalism in South Africa : experiences and experiments with local and community media / Brett Davidson -- Civic journalism initiatives in Nigeria / Tokunbo (Tokz) Awoshakin -- Sustaining public journalism practices : the Australian experience / Angela Romano -- Public journalism, kiwi style : lingering echoes of a big bang / Margie Comrie and David Venables -- Public journalism in Japan : experiments by a national paper / Yohtaro Hamada -- Civic and citizen journalism in Germany / Klaus Forster -- Public journalism in Finnish mainstream newspapers / Laura Avha -- Citizen voices : public journalism made in Colombia / Ana Maria Miralles (translated by Angela Romano) -- Other deliberative models for peace, participation, development and empowerment. Britain's big issue : street papers as social entrepreneurs / Angela Romano -- Inspiring public participation : environmental journalism in China / Jiannu Bao -- Peace journalism in Indonesia / Gita Widya Laksmini Soerjoatmodjo -- Traditions of public journalism in India / Pradip Thomas -- In the hands of the people : citizen media for revitalising Puerto Rico's poor communities / Angela Romano and Anette Sof&#xED;a Ruiz Morales -- Vira&#xE7;&#xE3;o Magazine : consciousness-raising media for young Brazilians / Paulo Lima and Maria Izabel Le&#xE3;o (translated by Angela Romano and Alice Baroni) -- Conclusions. Ongoing issues for deliberative journalism / Angela Romano.</subfield>
  </datafield>
  <datafield tag="650" ind1=" " ind2="0">
    <subfield code="a">Citizen journalism.</subfield>
  </datafield>
  <datafield tag="650" ind1=" " ind2="0">
    <subfield code="a">Journalism</subfield>
    <subfield code="x">Social aspects.</subfield>
  </datafield>
  <datafield tag="650" ind1=" " ind2="0">
    <subfield code="a">Journalism</subfield>
    <subfield code="x">Political aspects.</subfield>
  </datafield>
  <datafield tag="700" ind1="1" ind2=" ">
    <subfield code="a">Romano, Angela Rose.</subfield>
  </datafield>
  <datafield tag="830" ind1=" " ind2="0">
    <subfield code="a">Routledge research in cultural and media studies ;</subfield>
    <subfield code="v">25.</subfield>
  </datafield>
  <datafield tag="856" ind1="4" ind2="2">
    <subfield code="3">Contributor biographical information</subfield>
    <subfield code="u">http://www.loc.gov/catdir/enhancements/fy1102/2009045293-b.html</subfield>
  </datafield>
  <datafield tag="906" ind1=" " ind2=" ">
    <subfield code="a">7</subfield>
    <subfield code="b">cbc</subfield>
    <subfield code="c">orignew</subfield>
    <subfield code="d">1</subfield>
    <subfield code="e">ecip</subfield>
    <subfield code="f">20</subfield>
    <subfield code="g">y-gencatlg</subfield>
  </datafield>
  <datafield tag="942" ind1=" " ind2=" ">
    <subfield code="2">ddc</subfield>
    <subfield code="c">BK</subfield>
  </datafield>
  <datafield tag="999" ind1=" " ind2=" ">
    <subfield code="c">13912</subfield>
    <subfield code="d">13912</subfield>
  </datafield>
  <datafield tag="952" ind1=" " ind2=" ">
    <subfield code="0">0</subfield>
    <subfield code="1">0</subfield>
    <subfield code="4">0</subfield>
    <subfield code="7">0</subfield>
    <subfield code="8">NFIC</subfield>
    <subfield code="a">CIPS</subfield>
    <subfield code="b">CIPS</subfield>
    <subfield code="c">GEN</subfield>
    <subfield code="d">2013-08-02</subfield>
    <subfield code="l">0</subfield>
    <subfield code="o">070.43 INT 2010</subfield>
    <subfield code="p">CIPS0000205</subfield>
    <subfield code="r">2013-08-02</subfield>
    <subfield code="w">2013-08-02</subfield>
    <subfield code="y">BK</subfield>
  </datafield>
</record>
